000 00259nam a2200109Ia 4500
008 200302s9999 xx 000 0 und d
100 _aLe Corbusier
245 _aToward A New architecture
260 _bDover publications Inc.
260 _c1986
300 _a289
999 _c6092
_d6092